New Testament church organization : (Record no. 45997)
[ view plain ]
| 000 -LEADER | |
|---|---|
| fixed length control field | 00878nam a2200277Ia 4500 |
| 001 - CONTROL NUMBER | |
| control field | ocm09230359 |
| 005 - DATE AND TIME OF LATEST TRANSACTION | |
| control field | 20190410091429.0 |
| 008 - FIXED-LENGTH DATA ELEMENTS--GENERAL INFORMATION | |
| fixed length control field | 830216s1955 ilu b 000 0 eng d |
| 040 ## - CATALOGING SOURCE | |
| Original cataloging agency | CFT |
| Transcribing agency | CFT |
| Modifying agency | CBC |
| -- | UtOrBLW |
| 049 ## - LOCAL HOLDINGS (OCLC) | |
| Holding library | CBCM |
| 082 ## - DEWEY DECIMAL CLASSIFICATION NUMBER | |
| Classification number | 262 N75nt |
| 100 1# - MAIN ENTRY--PERSONAL NAME | |
| Personal name | Norbie, Donald L. |
| 245 10 - TITLE STATEMENT | |
| Title | New Testament church organization : |
| Remainder of title | defined and compared with the major ecclesiastical systems / |
| Statement of responsibility, etc | by Donald L. Norbie. |
| 260 ## - PUBLICATION, DISTRIBUTION, ETC. (IMPRINT) | |
| Place of publication, distribution, etc | Kancas : |
| Name of publisher, distributor, etc | Walterick, |
| Date of publication, distribution, etc | c1977. |
| 300 ## - PHYSICAL DESCRIPTION | |
| Extent | 92 p. ; |
| Dimensions | 18 cm. |
| 336 ## - CONTENT TYPE | |
| Content Type Term | text |
| 337 ## - MEDIA TYPE | |
| Media Type Term | unmediated |
| 338 ## - CARRIER TYPE | |
| Carrier Type Term | volume |
| 502 ## - DISSERTATION NOTE | |
| Dissertation note | Originally presented as the author's thesis (M.A.--Wheaton College) |
| 504 ## - BIBLIOGRAPHY, ETC. NOTE | |
| Bibliography, etc | Bibliography: p. 86-92. |
| 590 ## - LOCAL NOTE (RLIN) | |
| Local note | 870730 g Hunter. |
| 590 ## - LOCAL NOTE (RLIN) | |
| Local note | BV648.N824n 1955. |
| 650 #0 - SUBJECT ADDED ENTRY--TOPICAL TERM | |
| Topical term or geographic name as entry element | Church polity. |
| 650 #0 - SUBJECT ADDED ENTRY--TOPICAL TERM | |
| Topical term or geographic name as entry element | Church polity |
| General subdivision | History |
| Chronological subdivision | Early church, ca. 30-600. |
| 942 ## - ADDED ENTRY ELEMENTS (KOHA) | |
| Source of classification or shelving scheme | Library of Congress Classification |
| Item type | Books |
| Withdrawn status | Lost status | Source of classification or shelving scheme | Damaged status | Not for loan | Home library | Current library | Shelving location | Date acquired | Cost, normal purchase price | Inventory number | Total Checkouts | Full call number | Barcode | Date last seen | Price effective from | Koha item type |
|---|---|---|---|---|---|---|---|---|---|---|---|---|---|---|---|---|
| Library of Congress Classification | BSOP Library | BSOP Library | GC | 04/10/2019 | 1650.00 | 10253 | BV648 N75 | 00018802 | 04/10/2019 | 04/10/2019 | Books |
